The Statquest Illustrated Guide To Statistics: With Hands-on examples in Python and R!!! (Record no. 7853)
[ view plain ]
| 000 -LEADER | |
|---|---|
| fixed length control field | 00524nam a22001817a 4500 |
| 003 - CONTROL NUMBER IDENTIFIER | |
| control field | OSt |
| 005 - DATE AND TIME OF LATEST TRANSACTION | |
| control field | 20260420170059.0 |
| 008 - FIXED-LENGTH DATA ELEMENTS--GENERAL INFORMATION | |
| fixed length control field | 260420b |||||||| |||| 00| 0 eng d |
| 020 ## - INTERNATIONAL STANDARD BOOK NUMBER | |
| International Standard Book Number | 9789358989823 |
| 040 ## - CATALOGING SOURCE | |
| Transcribing agency | IIMV Library |
| 050 ## - LIBRARY OF CONGRESS CALL NUMBER | |
| Classification number | 519 STA |
| 082 ## - DEWEY DECIMAL CLASSIFICATION NUMBER | |
| Classification number | 519 STA |
| 100 ## - MAIN ENTRY--PERSONAL NAME | |
| Personal name | Starmer,Josh |
| 9 (RLIN) | 35095 |
| 245 ## - TITLE STATEMENT | |
| Title | The Statquest Illustrated Guide To Statistics: With Hands-on examples in Python and R!!! |
| 260 ## - PUBLICATION, DISTRIBUTION, ETC. | |
| Name of publisher, distributor, etc. | Statquest Publications |
| Date of publication, distribution, etc. | 2026 |
| 300 ## - PHYSICAL DESCRIPTION | |
| Extent | 319 pages |
| Dimensions | 21.59 x 13.97 x 2.54 cm |
| 942 ## - ADDED ENTRY ELEMENTS (KOHA) | |
| Source of classification or shelving scheme | Dewey Decimal Classification |
| Koha item type | Book |
| Date last seen | Total Checkouts | Full call number | Barcode | Cost, replacement price | Price effective from | Koha item type | Lost status | Source of classification or shelving scheme | Damaged status | Not for loan | Withdrawn status | Home library | Current library | Shelving location | Date acquired | BOOK NO |
|---|---|---|---|---|---|---|---|---|---|---|---|---|---|---|---|---|
| 04/20/2026 | 519 STA | 004437 | 1299.00 | 04/20/2026 | Book | Dewey Decimal Classification | Indian Institute of Management Visakhapatnam | Indian Institute of Management Visakhapatnam | General | 04/20/2026 | STA |